|
|
|
|
| LEADER |
00000cam a22000004a 4500 |
| 001 |
musev2_1670 |
| 003 |
MdBmJHUP |
| 005 |
20230905040235.0 |
| 006 |
m o d |
| 007 |
cr||||||||nn|n |
| 008 |
100503s2010 pau o 00 0 eng d |
| 010 |
|
|
|z 2010018350
|
| 020 |
|
|
|a 9780271067933
|
| 035 |
|
|
|a (OCoLC)780532238
|
| 040 |
|
|
|a MdBmJHUP
|c MdBmJHUP
|
| 043 |
|
|
|a n-us---
|
| 050 |
0 |
4 |
|a HQ1420
|b .Z56 2010
|
| 082 |
0 |
|
|a 305.40973/091734
|2 22
|
| 100 |
1 |
|
|a Zimmerman, Julie N.
|
| 245 |
1 |
0 |
|a Opening Windows onto Hidden Lives :
|b Women, Country Life, and Early Rural Sociological Research /
|c Julie N. Zimmerman and Olaf F. Larson.
|
| 264 |
|
1 |
|a University Park, Pa. :
|b Pennsylvania State University Press,
|c 2010.
|
| 264 |
|
3 |
|a Baltimore, Md. :
|b Project MUSE,
|c 2012
|
| 264 |
|
4 |
|c ©2010.
|
| 300 |
|
|
|a 1 online resource (240 pages).
|
| 336 |
|
|
|a text
|b txt
|2 rdacontent
|
| 337 |
|
|
|a computer
|b c
|2 rdamedia
|
| 338 |
|
|
|a online resource
|b cr
|2 rdacarrier
|
| 490 |
0 |
|
|a Rural studies
|
| 504 |
|
|
|a Includes bibliographical references (p. [187]-212) and index.
|
| 505 |
0 |
|
|a Hidden windows, hidden lives -- Opening hidden windows -- "Agriculture is not the whole of country life" -- Women and rural society -- Finding women in the division's research -- The test of time -- Selected bibliography -- Citations from sociology in government : the Galpin-Taylor years in the the work of the U.S. Department of Agriculture, 1919-1953 -- Reprints of selected publications -- Woman's work on the farm -- The woman on the farm -- Recommendations of The Committee -- Farm life studies and their relation to home economics work (1920) / Charles J. Galpin -- The advantages of farm life : a study by correspondence and interviews with eight thousand farm women : digest of an unpublished report (1924) / Emily Hoag Sawtelle.
|
| 520 |
|
|
|a "Examines the embeddedness of rural and farm women's lives in rural sociological research conducted by the USDA's Division of Farm Population and Rural Life (1919-1953). Explores how early rural sociologists found the conceptual space to include women in their analyses"--Provided by publisher.
|
| 588 |
|
|
|a Description based on print version record.
|
| 650 |
|
0 |
|a Sociology, Rural
|z United States
|x History.
|
| 650 |
|
0 |
|a Rural women
|z United States
|x Social conditions.
|
| 651 |
|
0 |
|a United States
|x Rural conditions.
|
| 610 |
1 |
0 |
|a United States.
|b Bureau of Agricultural Economics.
|b Division of Farm Population and Rural Life.
|
| 655 |
|
7 |
|a Electronic books.
|2 local
|
| 700 |
1 |
|
|a Larson, Olaf F.
|
| 710 |
2 |
|
|a Project Muse.
|e distributor
|
| 830 |
|
0 |
|a Book collections on Project MUSE.
|
| 856 |
4 |
0 |
|z Texto completo
|u https://projectmuse.uam.elogim.com/book/1670/
|
| 945 |
|
|
|a Project MUSE - Custom Collection
|
| 945 |
|
|
|a Project MUSE - Archive Complete Foundation
|
| 945 |
|
|
|a Project MUSE - Archive History Foundation
|